| 000 | 00685nam a22001817a 4500 | ||
|---|---|---|---|
| 003 | BD-DhUL | ||
| 005 | 20161024194147.0 | ||
| 008 | 161024s1964 ii ||||| |||| 00| 0 eng d | ||
| 040 |
_cBD-DhUL _dBD-DhUL |
||
| 082 |
_a891.44209 _bABB |
||
| 100 | _aভট্টাচার্য, আশুতোষ | ||
| 245 |
_aবাংলা নাট্যসাহিত্যের ইতিহাস / _cআশুতোষ ভট্টাচার্য |
||
| 260 |
_aকলিকাতা : _bএ. মুখার্জী, _c১৯৬৪। |
||
| 300 |
_a৪৭২ পৃ. ; _b২০ সেমি |
||
| 650 | 0 | _aবাংলা নাটক | |
| 650 | 0 | _aBengali drama | |
| 942 |
_2ddc _cBK |
||
| 999 |
_c114167 _d114167 |
||